Ética (Record no. 136743)

MARC details
000 -LEADER
fixed length control field nam a22 7a 4500
005 - DATE AND TIME OF LATEST TRANSACTION
control field 20170918110651.0
008 - FIXED-LENGTH DATA ELEMENTS--GENERAL INFORMATION
fixed length control field 170918b mx ||||| |||| 00| 0 spa d
020 ## - INTERNATIONAL STANDARD BOOK NUMBER
International Standard Book Number 9789682456565
050 04 - LIBRARY OF CONGRESS CALL NUMBER
Classification number BJ1142
Item number A48 1996
100 1# - MAIN ENTRY--PERSONAL NAME
Personal name Alvarado, Martín E.
245 10 - TITLE STATEMENT
Title Ética
Statement of responsibility, etc / Martín E. Alvarado.
250 ## - EDITION STATEMENT
Edition statement 1a ed.
260 ## - PUBLICATION, DISTRIBUTION, ETC. (IMPRINT)
Place of publication, distribution, etc México :
Name of publisher, distributor, etc Trillas,
Date of publication, distribution, etc 1996.
300 ## - PHYSICAL DESCRIPTION
Extent 149 p. ;
Dimensions 23 cm.
504 ## - BIBLIOGRAPHY, ETC. NOTE
Bibliography, etc Incluye bibliografía.
650 #7 - SUBJECT ADDED ENTRY--TOPICAL TERM
Source of heading or term lemb
Topical term or geographic name as entry element Etica
650 #7 - SUBJECT ADDED ENTRY--TOPICAL TERM
Source of heading or term lemb
Topical term or geographic name as entry element Conducta de vida
942 ## - ADDED ENTRY ELEMENTS (KOHA)
Source of classification or shelving scheme Biblioteca del Cogreso de los Estados Unidos
Koha item type Libro
Holdings
Estado de pérdida Fuente de clasificación Estado del daño No para préstamo Ubicación permanente Ubicación actual Apartado o colección Fecha de adquisición Fuente de adquisición Edición Área del conocimiento Clasificación Código de Barras Date last seen Número de copia Tipo de recurso Total Checkouts Costo por reposición
  Biblioteca del Cogreso de los Estados Unidos     Biblioteca de la Facultad de Ingeniería Mecánica Biblioteca de la Facultad de Ingeniería Mecánica General 19/05/2025   2a ed. Educación y Humanidades BJ1142 A48 r2007 BIM000004432 19/05/2025 1 Libro   1.00
  Biblioteca del Cogreso de los Estados Unidos     Biblioteca de las Preparatorias de Uruapan Biblioteca de las Preparatorias de Uruapan General 18/09/2017 Dirección General de Bibliotecas Generico 1a ed. Educación y Humanidades BJ1142 A48 r2016 BEPU000000270 18/09/2017 1 Libro    
  Biblioteca del Cogreso de los Estados Unidos     Biblioteca de las Preparatorias de Uruapan Biblioteca de las Preparatorias de Uruapan General 18/09/2017 Dirección General de Bibliotecas Generico 1a ed. Educación y Humanidades BJ1142 A48 r2016 BEPU000000271 18/09/2017 2 Libro